Mathematik: Einstellige Zahlen potenzieren - Statistiken

Allgemein
  • Dieses Quiz wurde 914 mal gespielt
  • Das Durchschnittsergebnis liegt bei 12 aus 40
Antwortstatistiken
Hint Antwort % Korrekt
9
75%
6⁴ 1296
71%
8
71%
0⁵ 0
70%
1
66%
0⁹ 0
65%
2⁶ 64
65%
4⁸ 65536
64%
8⁰ 1
63%
512
63%
4⁰ 1
62%
7⁵ 16807
62%
3⁵ 243
62%
4⁴ 256
62%
343
62%
4⁶ 4096
62%
2⁵ 32
61%
5
59%
2⁸ 256
58%
6
58%
7
58%
0
57%
7⁴ 2401
57%
4⁹ 262144
56%
5⁵ 3125
56%
3⁶ 729
56%
216
55%
5⁰ 1
54%
36
54%
27
53%
64
52%
8
51%
4
50%
1⁸ 1
49%
16
47%
2
46%
5⁷ 78125
40%
3⁸ 6561
29%
9⁴ 6561
29%
1⁹ 1
27%
8⁶ 262144
27%
7⁰ 1
23%
64
22%
1⁴ 1
20%
4⁷ 16384
20%
1⁵ 1
14%
0⁷ 0
13%
0⁶ 0
9%
3
8%
0⁸ 0
7%
1⁰ 1
5%
9⁰ 1
5%
4⁵ 1024
5%
5⁸ 390625
5%
0
4%
1
4%
1⁶ 1
4%
125
3%
0
2%
1⁷ 1
2%
6⁰ 1
2%
2⁴ 16
2%
4
2%
2⁹ 512
2%
9⁵ 59049
2%
3⁴ 81
2%
0⁴ 0
1%
3⁰ 1
1%
2⁷ 128
1%
3⁹ 19683
1%
25
1%
8⁵ 32768
1%
8⁴ 4096
1%
49
1%
5⁴ 625
1%
81
1%
1
0%
2⁰ 1
0%
5⁶ 15625
0%
3⁷ 2187
0%
729
0%
6⁵ 7776
0%
9
0%
Keine übereinstimmenden Quizze gefunden
Verteilung der Resultate
Anzahl Personen mit jedem Resultat
Perzentil nach korrekt beantworteten Fragen
Ihre Resultats-Entwicklung
Sie haben dieses Quiz noch nicht gespielt